| 000 | 01051nam a2200277Ia 4500 | ||
|---|---|---|---|
| 003 | OSt | ||
| 005 | 20220923211227.0 | ||
| 006 | a|||||r|||| 00| 0 | ||
| 007 | ta | ||
| 008 | 220922b |||||||| |||| 00| 0 san d | ||
| 020 |
_a9788170803942 (hbk) _c400 |
||
| 024 | _a264,543 | ||
| 037 |
_b54, 12/06/2012, Eastern Book Linkers _cTextual |
||
| 040 |
_aARTS _cARTS _bsan |
||
| 041 |
_2san _asan |
||
| 082 | _aQ25:23C, Q2 | ||
| 100 | _aमालवीय, सुधाकर, संपा. | ||
| 245 | 0 | _aशक्तिसंगमतन्त्रम् | |
| 246 | _aShaktisangamatantram | ||
| 260 |
_aवाराणसी _b चौखम्बा मालवीय _c2012 |
||
| 300 |
_a320पृ0 _ccm. |
||
| 490 | _aकृष्णदास प्राच्य विद्या ग्रन्थमाला; 34 | ||
| 650 | _aधर्मशास्त्र | ||
| 942 |
_hQ25:23C, Q2 _cTEXL _2CC |
||
| 999 |
_c297266 _d297266 |
||